[Event "Hastings Masters"]
[Site "Hastings"]
[Date "2007.01.02"]
[Round "6.40"]
[White "Salimbeni, George"]
[Black "Pickersgill, Adrian"]
[Result "1/2-1/2"]
[WhiteElo "1624"]
[BlackElo "2093"]
[PlyCount "119"]
[EventDate "2006.12.28"]
[SourceDate "2006.12.28"]

1. e4 d5 2. exd5 Qxd5 3. Nc3 Qa5 4. d4 c6 5. Nf3 Nf6 6. Bd2 Bf5 7. Bc4 e6 8. h3
Bb4 9. a3 Bxc3 10. Bxc3 Qc7 11. Qe2 Nbd7 12. O-O-O O-O-O 13. Ne5 Nxe5 14. dxe5
Nd5 15. Bd2 h6 16. g4 Bg6 17. f4 Rhe8 18. Rhf1 Kb8 19. Bb3 Ka8 20. Be1 f6 21.
Bh4 Qb6 22. Rf3 Rc8 23. exf6 gxf6 24. c4 Nxf4 25. Rxf4 Qxb3 26. Rxf6 Qxh3 27.
Rxg6 Qxh4 28. Rxe6 Qg5+ 29. Kb1 Qg8 {(=)} 30. Rdd6 a6 31. Qe4 Rxe6 32. Rxe6 Qg5
33. Rg6 Qd2 34. Qe6 Rf8 35. Rf6 Rxf6 36. Qxf6 Qd1+ 37. Ka2 Qxg4 38. Qxh6 Qxc4+
39. Kb1 a5 40. Qe3 a4 41. Qb6 Kb8 42. Qd8+ Ka7 43. Qa5+ Qa6 44. Qc5+ Qb6 45.
Qc4 Qa5 46. Qd4+ c5 47. Qc4 Kb6 48. Qe6+ Kc7 49. Qe7+ Kb8 50. Qd6+ Qc7 51. Qd1
b5 52. Qd3 Qc6 53. Qd8+ Kb7 54. Qe7+ Qc7 55. Qf6 Qd7 56. Qe5 Kc6 57. Qe4+ Kb6
58. Qa8 Kc7 59. Qa5+ Kb7 60. Qc3 1/2-1/2

[Event "Hastings Masters"]
[Site "Hastings"]
[Date "2007.01.02"]
[Round "6.41"]
[White "Tucker, Andrew"]
[Black "Haydon, David"]
[Result "1-0"]
[WhiteElo "1956"]
[BlackElo "2073"]
[PlyCount "138"]
[EventDate "2006.12.28"]
[SourceDate "2006.12.28"]

1. e4 c6 2. d4 d5 3. Nc3 e6 4. Nf3 Be7 5. Bd3 dxe4 6. Nxe4 Nd7 7. O-O Ngf6 8.
Ng3 Qc7 9. Re1 O-O 10. c3 c5 11. Qe2 b6 12. Be3 Bb7 13. Rad1 Rae8 14. Bb1 e5
15. dxe5 Nxe5 16. Nxe5 Qxe5 17. Nf5 Be4 18. Bxe4 Qxe4 19. Nxe7+ Rxe7 20. Qd3
Qa4 21. Bg5 Rd7 22. Qb1 Rxd1 23. Qxd1 Qxd1 24. Rxd1 Ne4 25. Be7 Re8 26. Rd7 Nf6
27. Rd8 Rxd8 28. Bxd8 Nd5 29. Bg5 f6 30. Bd2 c4 31. Kf1 Kf7 32. Ke2 b5 33. Be3
a5 34. g3 Ke6 35. Bd4 g6 36. Kf3 h5 37. Ke4 f5+ 38. Kf3 g5 39. h4 g4+ 40. Ke2
f4 41. Kd2 a4 42. Ke2 Kf5 43. Kd2 Ke4 44. Ke2 Ne7 45. Bb6 Ng6 46. Bc7 Ne5 47.
Bxe5 Kxe5 48. Kd2 Kd5 49. Ke1 a3 50. bxa3 fxg3 51. fxg3 Kc5 52. Kd2 Kc6 53. Ke3
Kb6 54. Kd4 Kc6 55. a4 bxa4 56. Kxc4 a3 57. Kb4 Kd5 58. c4+ Ke4 59. c5 Kf3 60.
c6 Kxg3 61. c7 Kxh4 62. c8=Q g3 63. Qf5 g2 64. Qf4+ Kh3 65. Qf3+ Kh4 66. Qf2+
Kh3 67. Qf3+ Kh4 68. Qf4+ Kh3 69. Qe3+ Kh4 1-0

[Event "Hastings Masters"]
[Site "Hastings"]
[Date "2007.01.02"]
[Round "6.42"]
[White "Fryer, David"]
[Black "Goldsworthy, Patrick"]
[Result "1/2-1/2"]
[WhiteElo "2101"]
[BlackElo "1936"]
[PlyCount "96"]
[EventDate "2006.12.28"]
[SourceDate "2006.12.28"]

1. e4 c5 2. Nc3 Nc6 3. g3 g6 4. Bg2 Bg7 5. d3 d6 6. Be3 e6 7. Qd2 Nge7 8. Bh6
Bf6 9. h4 Nd4 10. Nd1 Bd7 11. c3 Ndc6 12. Ne2 Qc7 13. Ne3 Ng8 14. Ng4 Qd8 15.
Nxf6+ Qxf6 16. Bg5 Qg7 17. O-O-O h6 18. Be3 Nge7 19. d4 O-O-O 20. dxc5 dxc5 21.
Bxc5 e5 22. Qc2 Be6 23. Qa4 Kb8 24. Rhe1 f6 25. b4 a6 26. Kb2 Bc4 27. Bf1 Nc8
28. Nc1 Qf7 29. Qc2 Bxf1 30. Rxf1 Qc7 31. a4 Na5 32. Qe2 Nc6 33. a5 Nxa5 34.
Nb3 Nxb3 35. Kxb3 Rxd1 36. Rxd1 Rd8 37. Rxd8 Qxd8 38. f3 Qd7 39. Be3 h5 40. c4
Ne7 41. Qd2 Qc7 {(=)} 42. Bc5 Kc8 43. Qh6 Nc6 44. Qxg6 Qd8 45. Qh6 Qd3+ 46. Kb2
Qxf3 47. Qf8+ Nd8 48. Bb6 Qe2+ 1/2-1/2

[Event "Hastings Masters"]
[Site "Hastings"]
[Date "2007.01.02"]
[Round "6.43"]
[White "Snowden, James"]
[Black "Henrichsen, Jens"]
[Result "0-1"]
[WhiteElo "1903"]
[BlackElo "2089"]
[PlyCount "56"]
[EventDate "2006.12.28"]
[SourceDate "2006.12.28"]

1. e4 c5 2. Nc3 Nc6 3. g3 g6 4. Bg2 Bg7 5. d3 d6 6. f4 e6 7. Nf3 Nge7 8. Be3
Nd4 9. Qd2 O-O 10. g4 f5 11. g5 e5 12. h4 fxe4 13. dxe4 exf4 14. Bxf4 Nxc2+ 15.
Qxc2 Rxf4 16. h5 gxh5 17. O-O-O Bg4 18. Qb3+ Kh8 19. e5 Bxf3 20. Bxf3 Rxf3 21.
Qxb7 Rf2 22. Rxh5 Qb8 23. Qxb8+ Rxb8 24. exd6 Rbxb2 25. Rdh1 Rfc2+ 26. Kd1 Nf5
27. Rxh7+ Kg8 28. R1h3 Nxd6 0-1

[Event "Hastings Masters"]
[Site "Hastings"]
[Date "2007.01.02"]
[Round "6.44"]
[White "Jain, Akash"]
[Black "Thilaganathan, Jessica"]
[Result "1/2-1/2"]
[WhiteElo "2036"]
[BlackElo "1871"]
[PlyCount "42"]
[EventDate "2006.12.28"]
[SourceDate "2006.12.28"]

1. e4 e6 2. d4 d5 3. Nc3 Nf6 4. e5 Nfd7 5. Nce2 c5 6. c3 Nc6 7. f4 Qb6 8. Nf3
Be7 9. g3 f5 10. Bh3 Nd8 11. O-O Nf7 12. Kh1 h5 13. Bg2 Qd8 14. h4 Rb8 15. b3
Nb6 {(=)} 16. Be3 c4 17. b4 Bd7 18. a4 a6 19. a5 Na8 20. Ng5 Nxg5 21. fxg5 g6
1/2-1/2

[Event "Hastings Masters"]
[Site "Hastings"]
[Date "2007.01.02"]
[Round "6.45"]
[White "Cumming, Rhys"]
[Black "Hickman, John"]
[Result "1-0"]
[WhiteElo "1552"]
[BlackElo "2058"]
[PlyCount "59"]
[EventDate "2006.12.28"]
[SourceDate "2006.12.28"]

1. e4 d6 2. d4 Nf6 3. Nc3 g6 4. Be3 c6 5. Qd2 b5 6. Bd3 Nbd7 7. Nf3 Qc7 8. d5
b4 9. dxc6 bxc3 10. cxd7+ Bxd7 11. Qxc3 Qxc3+ 12. bxc3 Bc6 13. Nd2 Bg7 14. Bd4
O-O 15. O-O Rfb8 16. Rab1 a5 17. f3 e5 18. Bf2 d5 19. Bg3 dxe4 20. fxe4 Nh5 21.
Rxb8+ Rxb8 22. Bc4 Nf4 23. Bxf4 exf4 24. Rxf4 Bxc3 25. Rxf7 Kh8 26. Rc7 Ba8 27.
Nf3 Bf6 28. Rf7 Bg7 29. Ng5 Rf8 30. Rxg7 1-0

[Event "Hastings Masters"]
[Site "Hastings"]
[Date "2007.01.02"]
[Round "6.46"]
[White "Spanton, Tim"]
[Black "Auckland, Elliott"]
[Result "0-1"]
[WhiteElo "2051"]
[BlackElo "1850"]
[PlyCount "66"]
[EventDate "2006.12.28"]
[SourceDate "2006.12.28"]

1. d4 Nf6 2. Nc3 d5 3. Bg5 Ne4 4. Nxe4 dxe4 5. g3 c5 6. dxc5 Qa5+ 7. Qd2 Qxd2+
8. Bxd2 e5 9. Bg2 f5 10. b4 a5 11. c3 axb4 12. cxb4 Nc6 13. e3 Ra3 14. Ne2 Be6
15. Nc1 Be7 16. O-O O-O 17. b5 Na7 18. Nb3 Nxb5 19. Bc1 Ra7 20. Bb2 Rfa8 21.
Bxe5 Rxa2 22. Rxa2 Rxa2 23. Nd4 Nxd4 24. exd4 Rd2 25. Rb1 Bd5 26. Bh3 g6 27.
Re1 Kf7 28. g4 Bh4 29. Bg3 Bxg3 30. hxg3 Kf6 31. gxf5 gxf5 32. f3 exf3 33. Rf1
Rxd4 0-1

[Event "Hastings Masters"]
[Site "Hastings"]
[Date "2007.01.02"]
[Round "6.47"]
[White "Barron, David"]
[Black "Macrae, James"]
[Result "0-1"]
[WhiteElo "1966"]
[BlackElo "1759"]
[PlyCount "90"]
[EventDate "2006.12.28"]
[SourceDate "2006.12.28"]

1. d4 d5 2. Nc3 e6 3. Nf3 Nf6 4. Bg5 Be7 5. Bxf6 Bxf6 6. e4 dxe4 7. Nxe4 Nd7 8.
c3 c6 9. Nd6+ Ke7 10. Nc4 Re8 11. Qb3 Qc7 12. Qa3+ Kd8 13. Nd6 Rf8 14. O-O-O
Be7 15. Nxf7+ Rxf7 16. Qb3 Rxf3 17. gxf3 Qf4+ 18. Kb1 Nb6 19. Bd3 g6 20. Rhe1
Kc7 21. Re4 Qf6 22. Rde1 Nd5 23. c4 Nf4 24. d5 Bd7 25. Qc2 Re8 26. Qd2 Nxd3 27.
Qxd3 exd5 28. cxd5 Bf5 29. Qe3 Kb8 30. Qf4+ Bd6 31. Qd2 cxd5 32. Qxd5 Qe6 33.
Qxe6 Rxe6 34. Kc1 Bxe4 35. fxe4 Bxh2 36. f3 Bf4+ 37. Kc2 Kc7 38. Kd3 Rd6+ 39.
Kc4 Be5 40. Rg1 Bxb2 41. f4 Kc6 42. Rg5 Bc1 43. Rc5+ Kd7 44. e5 Rc6 45. Rxc6
Kxc6 0-1

[Event "Hastings Masters"]
[Site "Hastings"]
[Date "2007.01.02"]
[Round "6.48"]
[White "Messam-Sparks, Lateefah"]
[Black "Dennis, Nigel"]
[Result "1-0"]
[WhiteElo "1560"]
[BlackElo "2020"]
[PlyCount "61"]
[EventDate "2006.12.28"]
[SourceDate "2006.12.28"]

1. e4 c5 2. Nf3 e6 3. Nc3 Nc6 4. Bc4 a6 5. a4 d6 6. d3 Nf6 7. h3 Be7 8. Bf4 O-O
9. O-O b6 10. Bh2 Bb7 11. Nd2 d5 12. Ba2 Bd6 13. f4 dxe4 14. dxe4 Bc7 15. Bg3
Qd7 16. Nc4 Rad8 17. Qe1 Qe7 18. Bh4 Qd7 19. e5 Qd4+ 20. Kh1 Nd5 21. Rd1 Qxd1
22. Nxd1 Rd7 23. Nc3 Ndb4 24. Bb1 Nd4 25. Qg3 b5 26. Ne3 Kh8 27. axb5 axb5 28.
Ncd1 Be4 29. Nf2 Ne2 30. Qg4 Rd2 31. Nxe4 1-0

[Event "Hastings Masters"]
[Site "Hastings"]
[Date "2007.01.02"]
[Round "6.49"]
[White "Van de Laar, Michael"]
[Black "Weidman, Mark"]
[Result "0-1"]
[WhiteElo "1088"]
[BlackElo "1232"]
[PlyCount "104"]
[EventDate "2006.12.28"]
[SourceDate "2006.12.28"]

1. Nf3 d5 2. d4 c5 3. c3 e6 4. g3 Bd6 5. Bg2 Ne7 6. O-O O-O 7. Re1 b6 8. Qc2 f5
9. Bg5 Nd7 10. Bxe7 Qxe7 11. Nbd2 Nf6 12. Ne5 Qc7 13. Ndf3 cxd4 14. Nd3 dxc3
15. bxc3 Bd7 16. Rad1 Rac8 17. Qd2 Qxc3 18. Qg5 Ne4 19. Qh4 Rf6 20. Rc1 Qa3 21.
Rxc8+ Bxc8 22. Nd4 Qa4 23. Rc1 Bd7 24. Nf3 Qxa2 25. Nfe5 Qa4 26. Qf4 Rf8 27.
Qf3 Bb5 28. Nb2 Qd4 29. Ned3 Bxd3 30. Nxd3 b5 31. Rd1 b4 32. e3 Qc3 33. Nf4
Bxf4 34. Qxf4 Rc8 35. g4 b3 36. gxf5 Qc2 37. Bf3 b2 38. fxe6 b1=Q 39. Rxb1
Qxb1+ 40. Kg2 Qb7 41. Qe5 Re8 42. Bd1 Qc6 43. Bb3 Qxe6 44. Qxe6+ Rxe6 45. Bxd5
Kf7 46. f3 Nc3 47. Bxe6+ Kxe6 48. f4 a5 49. Kf3 a4 50. e4 a3 51. f5+ Ke5 52.
Ke3 a2 0-1

[Event "Hastings Masters"]
[Site "Hastings"]
[Date "2007.01.03"]
[Round "7.1"]
[White "Gagunashvili, Merab"]
[Black "Gofshtein, Zvulon"]
[Result "1-0"]
[WhiteElo "2611"]
[BlackElo "2509"]
[PlyCount "70"]
[EventDate "2006.12.28"]
[SourceDate "2006.12.28"]

1. d4 Nf6 2. c4 g6 3. Nf3 Bg7 4. Nc3 d5 5. Qb3 dxc4 6. Qxc4 c6 7. e4 O-O 8. Be2
a5 9. O-O a4 10. Qd3 Qa5 11. h3 Rd8 12. Qc2 b5 13. Be3 Na6 14. Ne5 Bb7 15. Rac1
Rac8 16. Nd3 b4 17. Qxa4 Qxa4 18. Nxa4 Nxe4 19. Nb6 Rc7 20. Bf3 c5 21. d5 f5
22. Bxe4 fxe4 23. Nxc5 Nxc5 24. Rxc5 Be5 25. Rfc1 Rxc5 26. Bxc5 Bxb2 27. Rd1 e6
28. Be7 Rb8 29. dxe6 Bc6 30. Bd8 Be5 31. Nc4 Rb5 32. Bh4 Bg7 33. e7 b3 34. axb3
Rxb3 35. Rd8+ Kf7 {remaining moves illegible} 1-0

[Event "Hastings Masters"]
[Site "Hastings"]
[Date "2007.01.03"]
[Round "7.2"]
[White "Cherniaev, Alexander"]
[Black "Pavlovic, Milos"]
[Result "1/2-1/2"]
[WhiteElo "2472"]
[BlackElo "2507"]
[PlyCount "45"]
[EventDate "2006.12.28"]
[SourceDate "2006.12.28"]

1. e4 g6 2. d4 Bg7 3. Nc3 d6 4. Nf3 Nf6 5. Be3 a6 6. Qd2 O-O 7. Bh6 b5 8. Bxg7
Kxg7 9. Qf4 b4 10. Ne2 c5 11. dxc5 dxc5 12. Ng3 Nc6 13. Bc4 e5 14. Qe3 Nd4 15.
Rc1 Ng4 16. Qd3 Qf6 17. h3 Qf4 18. Ne2 Nxe2 19. Kxe2 Nf6 20. g3 Qh6 21. Qe3 Bb7
22. Nd2 Rad8 23. Qxh6+ 1/2-1/2

[Event "Hastings Masters"]
[Site "Hastings"]
[Date "2007.01.03"]
[Round "7.3"]
[White "Hendriks, Willy"]
[Black "Ikonnikov, Vyacheslav"]
[Result "0-1"]
[WhiteElo "2439"]
[BlackElo "2588"]
[PlyCount "112"]
[EventDate "2006.12.28"]
[SourceDate "2006.12.28"]

1. c4 e5 2. Nc3 Nc6 3. g3 f5 4. Bg2 Nf6 5. e3 Bb4 6. Nge2 O-O 7. O-O d6 8. d4
Bxc3 9. Nxc3 Qe8 10. b3 Bd7 11. Nd5 Nxd5 12. cxd5 Nb4 13. Qd2 Na6 14. dxe5 dxe5
15. Bb2 Bb5 16. Rfd1 e4 17. Qd4 Rf7 18. a4 Bd3 19. Rac1 Qf8 20. Rxd3 exd3 21.
Qxd3 Nb4 22. Qc4 Qd6 23. h4 a5 24. Ba3 Rd8 25. Qb5 Qa6 26. Qxa6 Nxa6 27. Rc4
Rfd7 28. h5 Rxd5 29. Bxd5+ Rxd5 30. Bb2 Nc5 31. Bc3 b6 32. b4 axb4 33. Bxb4 Ne6
34. e4 fxe4 35. Rxe4 Kf7 36. g4 c5 37. Bc3 Rd3 38. Re3 Rxe3 39. fxe3 c4 40. Bb4
Kf6 41. Kf2 Ke5 42. Kf3 Ng5+ 43. Ke2 Ke4 44. Kd2 Kd5 45. Be7 Ne4+ 46. Kc2 Nc5
47. Bf8 g6 48. hxg6 hxg6 49. Bxc5 Kxc5 50. Kc3 b5 51. axb5 Kxb5 52. g5 Kc5 53.
e4 Kb5 54. Kd4 Kb4 55. Ke5 c3 56. Kf6 c2 0-1

[Event "Hastings Masters"]
[Site "Hastings"]
[Date "2007.01.03"]
[Round "7.4"]
[White "Neverov, Valeriy"]
[Black "Pert, Nicholas"]
[Result "1/2-1/2"]
[WhiteElo "2538"]
[BlackElo "2502"]
[PlyCount "110"]
[EventDate "2006.12.28"]
[SourceDate "2006.12.28"]

1. d4 d5 2. c4 c6 3. Nf3 Nf6 4. Nc3 dxc4 5. a4 Bf5 6. e3 e6 7. Bxc4 Bb4 8. O-O
O-O 9. Qe2 Bg6 10. Ne5 Nbd7 11. Nxg6 hxg6 12. Rd1 Qa5 13. Bd2 Rad8 14. Be1 e5
15. dxe5 Qxe5 16. Rd4 Bc5 17. Rd3 Qe7 {(=)} 18. Rad1 Ne5 19. Rxd8 Rxd8 20. Bb3
Rxd1 21. Qxd1 Qd6 22. Qxd6 Bxd6 23. Bc2 Bb4 24. Kf1 a5 25. Ke2 Kf8 26. f3 Nfd7
27. Bf2 Nc4 28. Nd1 Ke7 29. h4 Nc5 30. g4 Nb6 31. b3 Nd5 32. Nb2 Nc3+ 33. Kf1
b5 34. e4 Kd6 35. Be3 Ba3 36. Nd1 Nxd1 37. Bxd1 Bb2 38. Ke2 Bc3 39. g5 f6 40.
f4 Nxe4 41. Kd3 f5 42. Bf3 Be1 43. Bxe4 fxe4+ 44. Kxe4 bxa4 45. bxa4 c5 46. Bc1
c4 47. Be3 c3 48. Kd3 Ke6 49. Bd4 c2 50. Kxc2 Kf5 51. Bc3 Bxh4 52. Bxa5 Kxf4
53. Kd3 Ke5 54. Bd2 Kd6 55. Kc4 Kc6 1/2-1/2

[Event "Hastings Masters"]
[Site "Hastings"]
[Date "2007.01.03"]
[Round "7.5"]
[White "Ansell, Simon"]
[Black "Haslinger, Stewart"]
[Result "1-0"]
[WhiteElo "2394"]
[BlackElo "2438"]
[PlyCount "81"]
[EventDate "2006.12.28"]
[SourceDate "2006.12.28"]

1. e4 e5 2. Nf3 Nc6 3. d4 exd4 4. Nxd4 Bb4+ 5. c3 Bc5 6. Be3 Bb6 7. Nf5 Bxe3 8.
Nxe3 d6 9. c4 Nge7 10. Nc3 O-O 11. Qd2 f5 12. O-O-O fxe4 13. Nxe4 Nf5 14. Nd5
Nfd4 15. Bd3 Bf5 16. Rhe1 Kh8 17. Qc3 Ne6 18. Ng3 Bxd3 19. Rxd3 Qg5+ 20. Kb1
Ne5 21. Rdd1 Qg6+ 22. Ne4 Rae8 23. Ka1 Qxg2 24. Nxc7 Nxc7 25. Nxd6 Qf3 26. Qxf3
Nxf3 27. Nxe8 Nxe8 28. Re3 h5 29. Rd8 Nxh2 30. Rdxe8 Rxe8 31. Rxe8+ Kh7 32. Kb1
h4 33. Kc2 g5 34. Kd2 Nf3+ 35. Ke3 Ne1 36. f3 Kh6 37. b3 b6 38. Kf2 Nd3+ 39.
Kg2 Nf4+ 40. Kh2 Ng6 41. Re3 1-0

[Event "Hastings Masters"]
[Site "Hastings"]
[Date "2007.01.03"]
[Round "7.6"]
[White "Knott, Simon"]
[Black "Lalic, Bogdan"]
[Result "1/2-1/2"]
[WhiteElo "2375"]
[BlackElo "2491"]
[PlyCount "29"]
[EventDate "2006.12.28"]
[SourceDate "2006.12.28"]

1. Nf3 Nf6 2. c4 e6 3. Nc3 d5 4. d4 Nbd7 5. cxd5 exd5 6. Bf4 c6 7. h3 Nb6 8. e3
Bf5 9. g4 Be4 10. Nxe4 Nxe4 11. Bd3 Bd6 12. Bxd6 Nxd6 13. Qc2 Qe7 14. O-O-O
O-O-O 15. Kb1 1/2-1/2

[Event "Hastings Masters"]
[Site "Hastings"]
[Date "2007.01.03"]
[Round "7.7"]
[White "Hebden, Mark"]
[Black "Jones, Gawain"]
[Result "0-1"]
[WhiteElo "2545"]
[BlackElo "2430"]
[PlyCount "84"]
[EventDate "2006.12.28"]
[SourceDate "2006.12.28"]

1. d4 e6 2. Nf3 b6 3. e4 Bb7 4. Bd3 d6 5. O-O Nd7 6. Qe2 a6 7. c3 Ne7 8. Ng5 h6
9. Nh3 d5 10. e5 g6 11. Nf4 c5 12. Qg4 h5 13. Qf3 Qc7 14. Nh3 Nf5 15. Bg5 Be7
16. Bxe7 Kxe7 17. Ng5 Raf8 18. Qf4 Nb8 19. Nd2 Nc6 20. Ndf3 Kd7 21. Rfe1 c4 22.
Bc2 b5 23. b3 Kc8 24. bxc4 dxc4 25. d5 exd5 26. Bxf5+ gxf5 27. Qxf5+ Kb8 28.
Rad1 b4 29. Qf6 bxc3 30. a3 Qd8 31. Qf4 Ka8 32. h4 f6 33. Ne6 fxe5 34. Qc1 Qd6
35. Nxf8 Rxf8 36. Qxc3 Qc5 37. Qd2 d4 38. Ng5 c3 39. Qd3 Qxa3 40. Rb1 Nb4 41.
Qh7 c2 42. Qe7 Rxf2 0-1

[Event "Hastings Masters"]
[Site "Hastings"]
[Date "2007.01.03"]
[Round "7.8"]
[White "Ashton, Adam"]
[Black "Ciuksyte, Dagne"]
[Result "1-0"]
[WhiteElo "2304"]
[BlackElo "2440"]
[PlyCount "59"]
[EventDate "2006.12.28"]
[SourceDate "2006.12.28"]

1. e4 c5 2. Nf3 e6 3. d4 cxd4 4. Nxd4 Qb6 5. Nb3 Qc7 6. Bd3 a6 7. O-O Nf6 8.
Qe2 d6 9. f4 Nbd7 10. c4 b6 11. Nc3 Bb7 12. Bd2 Be7 13. Rae1 Rd8 14. Bb1 e5 15.
g4 exf4 16. g5 f3 17. Rxf3 Ng4 18. Nd5 Bxd5 19. cxd5 Nge5 20. Rc3 Qa7 21. Rec1
Nc5 22. Nd4 b5 23. Be3 b4 24. Rc4 Nxc4 25. Rxc4 g6 26. Nc6 Qd7 27. e5 Nb7 28.
e6 fxe6 29. dxe6 Qc7 30. Nxd8 1-0

[Event "Hastings Masters"]
[Site "Hastings"]
[Date "2007.01.03"]
[Round "7.9"]
[White "Furman, Boris"]
[Black "Greet, Andrew"]
[Result "1/2-1/2"]
[WhiteElo "2263"]
[BlackElo "2439"]
[PlyCount "96"]
[EventDate "2006.12.28"]
[SourceDate "2006.12.28"]

1. d4 Nf6 2. c4 e6 3. Nc3 Bb4 4. g3 c5 5. Nf3 cxd4 6. Nxd4 Ne4 7. Qd3 Bxc3+ 8.
bxc3 Nc5 9. Qf3 d6 10. Bg2 e5 11. Nb3 Nba6 12. Ba3 Qc7 13. Bxc5 Nxc5 14. Nxc5
Qxc5 15. Qd5 Qxd5 16. Bxd5 Rb8 17. Kd2 Be6 18. Rhb1 Kd7 19. Rb4 Rhc8 20. Rab1
b6 21. a4 Rc5 22. Rb5 Rbc8 23. Rxc5 Rxc5 24. Rb5 {(=)} Rc7 25. a5 bxa5 26. Rxa5
Ke7 27. Kd3 Bf5+ 28. e4 Bh3 29. Kc2 f5 30. exf5 Bxf5+ 31. Kb3 Be6 32. Ra6 g5
33. Bxe6 Kxe6 34. c5 Rxc5 35. Rxa7 Rc8 36. Rxh7 Rf8 37. h4 gxh4 38. gxh4 Rxf2
39. h5 Rh2 40. h6 Kf5 41. Rh8 Kg6 42. Kc4 Rd2 43. Kb5 Rd3 44. c4 Rd4 45. c5
dxc5 46. Kxc5 Rh4 47. Kd5 Rxh6 48. Rxh6+ Kxh6 1/2-1/2

[Event "Hastings Masters"]
[Site "Hastings"]
[Date "2007.01.03"]
[Round "7.10"]
[White "Eames, Robert"]
[Black "Ledger, David"]
[Result "1/2-1/2"]
[WhiteElo "2311"]
[BlackElo "2276"]
[PlyCount "38"]
[EventDate "2006.12.28"]
[SourceDate "2006.12.28"]

1. d4 d5 2. c4 c6 3. Nf3 Nf6 4. Nc3 dxc4 5. a4 Bf5 6. Ne5 e6 7. f3 c5 8. e4
cxd4 9. exf5 Bb4 10. Bxc4 dxc3 11. Qxd8+ Kxd8 12. Ke2 cxb2 13. Bxb2 Ke7 14.
fxe6 fxe6 15. Rhb1 a5 16. Ba3 Na6 17. Bxa6 Rxa6 18. Bxb4+ axb4 19. Rxb4 b6
1/2-1/2

[Event "Hastings Masters"]
[Site "Hastings"]
[Date "2007.01.03"]
[Round "7.11"]
[White "Peek, Marcel"]
[Black "Huss, Andreas"]
[Result "1-0"]
[WhiteElo "2367"]
[BlackElo "2338"]
[PlyCount "65"]
[EventDate "2006.12.28"]
[SourceDate "2006.12.28"]

1. d4 e6 2. c4 Nf6 3. Nc3 Bb4 4. e3 b6 5. Nge2 Ba6 6. a3 Bxc3+ 7. Nxc3 d5 8.
Qf3 O-O 9. g4 Bb7 10. g5 Ne4 11. Nxe4 dxe4 12. Qg3 f5 13. Bd2 Nd7 14. Bc3 Rc8
15. O-O-O Qe7 16. h4 c5 17. d5 exd5 18. cxd5 c4 19. Bb4 Qf7 20. h5 f4 21. exf4
Nc5 22. g6 Qxf4+ 23. Qxf4 Rxf4 24. Bxc5 Rxc5 25. d6 Rf8 26. Rh4 b5 27. Bh3 Re5
28. Rf4 Rd8 29. Rf7 Bd5 30. Re7 Rxh5 31. Rxd5 Rxh3 32. d7 Rh1+ 33. Kc2 1-0

[Event "Hastings Masters"]
[Site "Hastings"]
[Date "2007.01.03"]
[Round "7.13"]
[White "Williams, Simon K"]
[Black "Prosviriakov, Vladimir"]
[Result "1-0"]
[WhiteElo "2473"]
[BlackElo "2346"]
[PlyCount "67"]
[EventDate "2006.12.28"]
[SourceDate "2006.12.28"]

1. d4 Nf6 2. c4 e6 3. Nf3 b6 4. g3 Ba6 5. Qc2 c5 6. d5 exd5 7. cxd5 Bb7 8. Bg2
Nxd5 9. O-O Be7 10. Rd1 O-O 11. Qf5 Nf6 12. Nc3 d5 13. e4 g6 14. Qf4 d4 15. e5
Nd5 16. Qh6 f5 17. Ng5 Bxg5 18. Bxg5 Qd7 19. e6 Qd6 20. Nxd5 Bxd5 21. Bf4 Qxe6
22. Re1 Be4 23. f3 Nd7 24. fxe4 Rae8 25. exf5 Qxf5 26. Qh3 Qf7 27. Bc6 Rxe1+
28. Rxe1 Nf6 29. Qg2 Rd8 30. b3 Nd5 31. Bh6 Ne3 32. Qe4 Nf5 33. Bg5 Nd6 34. Qg2
1-0

[Event "Hastings Masters"]
[Site "Hastings"]
[Date "2007.01.03"]
[Round "7.14"]
[White "McNab, Colin"]
[Black "Eggleston, David"]
[Result "1-0"]
[WhiteElo "2433"]
[BlackElo "2239"]
[PlyCount "75"]
[EventDate "2006.12.28"]
[SourceDate "2006.12.28"]

1. c4 g6 2. g3 Bg7 3. Bg2 e5 4. Nc3 Nc6 5. d3 d6 6. e4 Be6 7. Nge2 h5 8. h4 Qd7
9. Nd5 f6 10. Be3 Nh6 11. Qc1 Nf7 12. d4 exd4 13. Nxd4 Nxd4 14. Bxd4 Ne5 15.
Qc3 c6 16. Nf4 c5 17. Bxe5 dxe5 18. Rd1 Qf7 19. Nxe6 Qxe6 20. Bh3 f5 21. Rd5
O-O 22. O-O Qe7 23. exf5 gxf5 24. Qf3 Qf7 25. Rfd1 Rae8 26. Rd7 Re7 27. Qxb7
Rxd7 28. Rxd7 Qg6 29. Qd5+ Kh8 30. Rd8 Qf6 31. Rxf8+ Bxf8 32. Qf3 f4 33. Qxh5+
Kg7 34. Bf5 Be7 35. Be4 fxg3 36. fxg3 Qd6 37. Qh7+ Kf8 38. Bd5 1-0

[Event "Hastings Masters"]
[Site "Hastings"]
[Date "2007.01.03"]
[Round "7.15"]
[White "Wallace, John Paul"]
[Black "Schuurman, Petra"]
[Result "1-0"]
[WhiteElo "2418"]
[BlackElo "2238"]
[PlyCount "59"]
[EventDate "2006.12.28"]
[SourceDate "2006.12.28"]

1. Nf3 Nf6 2. c4 e6 3. Nc3 Bb4 4. g4 h6 5. Qc2 b6 6. a3 Bxc3 7. Qxc3 Bb7 8. b4
d6 9. Rg1 Nbd7 10. h4 e5 11. g5 hxg5 12. hxg5 Nh5 13. d4 Qe7 14. Bh3 exd4 15.
Nxd4 O-O-O 16. Be3 Kb8 17. b5 Ne5 18. a4 d5 19. cxd5 Rxd5 20. Bg2 Rc5 21. Nc6+
Bxc6 22. Bxc5 bxc5 23. bxc6 Ka8 24. Rh1 Qxg5 25. Qg3 Qf6 26. Rb1 c4 27. Qe3 Re8
28. Rxh5 g6 29. Rxe5 Rxe5 30. Qa3 1-0

[Event "Hastings Masters"]
[Site "Hastings"]
[Date "2007.01.03"]
[Round "7.16"]
[White "Marusenko, Petr"]
[Black "Grooten, Herman"]
[Result "0-1"]
[WhiteElo "2330"]
[BlackElo "2387"]
[PlyCount "122"]
[EventDate "2006.12.28"]
[SourceDate "2006.12.28"]

1. d4 Nf6 2. Nf3 e6 3. e3 b6 4. Bd3 Bb7 5. O-O c5 6. b3 g6 7. Bb2 Bg7 8. a4
cxd4 9. exd4 O-O 10. Nbd2 Nc6 11. Re1 Re8 12. Nc4 d6 13. a5 b5 14. a6 Bc8 15.
Ne3 Rb8 16. Qd2 d5 17. Ne5 Qb6 18. Nxc6 Qxc6 19. Ra5 Bf8 20. Rea1 Bd6 21. Qe2
Bd7 22. Nd1 Bc7 23. R5a2 b4 24. Ne3 Qd6 25. Nf1 Rb6 26. Bc1 e5 27. dxe5 Qxe5
28. Qd2 d4 29. Ra5 Qd6 30. Bb2 Rbb8 31. R5a2 Bc6 32. Bc4 Bb6 33. Rd1 Ne4 34.
Qh6 Qf6 35. Rd2 Nxd2 36. Qxd2 Ba8 37. Bd3 Qd6 38. Ra1 Re7 39. Rd1 Rd8 40. Qh6
Rde8 41. Bc1 Re1 42. Rxe1 Rxe1 43. Bd2 Ra1 44. Qh3 Bd5 45. Bh6 Qd8 46. Qg3 Bc7
47. Qg4 Be6 48. Qf3 Be5 49. h4 Qd5 50. Be4 Qd6 51. Bd3 Bd5 52. Qe2 Qe6 53. f3
Bg7 54. Qxe6 fxe6 55. Bd2 Bf8 56. Kf2 Be7 57. Ng3 Bxh4 58. Bxb4 Bxb3 59. Bc5
Bxc2 60. Bxc2 Kf7 61. Bxa7 Ra2 0-1

[Event "Hastings Masters"]
[Site "Hastings"]
[Date "2007.01.03"]
[Round "7.17"]
[White "Rendle, Thomas"]
[Black "Cafferty, Bernard"]
[Result "1-0"]
[WhiteElo "2382"]
[BlackElo "2207"]
[PlyCount "67"]
[EventDate "2006.12.28"]
[SourceDate "2006.12.28"]

1. f4 Nf6 2. Nf3 g6 3. g3 Bg7 4. Bg2 O-O 5. O-O c5 6. d3 Nc6 7. e4 d6 8. Nc3
Rb8 9. h3 b5 10. g4 Ne8 11. Ne2 b4 12. Qe1 e6 13. f5 Qb6 14. Qh4 c4+ 15. Kh1
cxd3 16. cxd3 Qd8 17. Bg5 f6 18. fxg6 hxg6 19. Be3 e5 20. Rac1 Ne7 21. Qf2 a5
22. d4 exd4 23. Nexd4 Qd7 24. Qh4 Bb7 25. Nd2 d5 26. N2b3 dxe4 27. Nc5 Qd5 28.
Rfd1 Qxa2 29. Qg3 Nd5 30. Qxb8 Nxe3 31. Qxb7 Nd6 32. Qd7 Qxb2 33. Rg1 Nxg2 34.
Qxd6 1-0

[Event "Hastings Masters"]
[Site "Hastings"]
[Date "2007.01.03"]
[Round "7.18"]
[White "Grant, Alan"]
[Black "Vul, Arkadi"]
[Result "1/2-1/2"]
[WhiteElo "2206"]
[BlackElo "2365"]
[PlyCount "42"]
[EventDate "2006.12.28"]
[SourceDate "2006.12.28"]

1. e4 e5 2. Nf3 Nc6 3. Bb5 g6 4. d4 exd4 5. c3 Nge7 6. cxd4 d5 7. exd5 Nxd5 8.
O-O Bg7 9. Bg5 Qd6 10. Nbd2 O-O 11. Ne4 Qb4 12. Bxc6 bxc6 13. Qc1 Bf5 14. Re1
Rae8 15. Bd2 Qb6 16. Nc5 Rxe1+ 17. Bxe1 Re8 18. h3 h5 19. a4 Re2 20. Bd2 Qb8
21. b3 Qe8 1/2-1/2